000
00220 a2200109 4500
001
193996
040
_c
Magnum
240
1
0
_a
Educacao e sociedade
_l
por
245
1
0
_a
Educacao e sociedade
697
_a
ENSINO
942
_c
BK
999
_c
193996
_d
193996